[Event "Mondiale Lampo FIDE 2019"]
[Site "Mosca"]
[Date "30.12.2019"]
[Round "14.57"]
[White "Bologan, Victor"]
[Black "Xu, Yinglun"]
[Result "1-0"]
[WhiteTitle "GM"]
[BlackTitle "GM"]
[WhiteElo "2574"]
[BlackElo "2555"]
[WhiteFideId "13900048"]
[BlackFideId "8604940"]
[EventDate "2019.12.29"]

1. e4 e6 2. d3 d5 3. Qe2 c5 4. Nf3 Nc6 5. g3 Nge7 6. Bg2 g6 7. O-O Bg7 8. e5 b6
9. c3 h6 10. h4 Bb7 11. Re1 Qc7 12. Na3 a6 13. d4 c4 14. Nc2 b5 15. b3 O-O-O 16.
Ba3 Bf8 17. Bd6 Qd7 18. bxc4 dxc4 19. Ne3 Nf5 20. Bxf8 Rhxf8 21. a4 Nxe3 22.
Qxe3 b4 23. Nd2 Na5 24. Bxb7+ Qxb7 25. cxb4 Qxb4 26. Rab1 Qxa4 27. Ra1 Qb5 28.
Reb1 Qd5 29. Qc3 Nc6 30. Nxc4 Qxd4 31. Qb3 Qa7 32. Nd6+ Rxd6 33. exd6 Kd7 34.
Qf3 f5 35. Qf4 Nd4 36. Qxh6 Nf3+ 37. Kg2 Qa8 38. Qg7+ Kxd6 39. Rb7 Ne5 40. Rd1+ 1-0

[Event "Mondiale Lampo FIDE 2019"]
[Site "Mosca"]
[Date "30.12.2019"]
[Round "14.58"]
[White "Khusnutdinov, Rustam"]
[Black "Vastrukhin, Oleg"]
[Result "1-0"]
[WhiteTitle "GM"]
[BlackTitle "IM"]
[WhiteElo "2491"]
[BlackElo "2428"]
[WhiteFideId "13701703"]
[BlackFideId "4192770"]
[EventDate "2019.12.29"]

1. Nc3 d5 2. e4 e6 3. d4 Bb4 4. exd5 exd5 5. Bd3 Ne7 6. Qh5 Nbc6 7. Nf3 Be6 8.
a3 Bd6 9. Be3 Qd7 10. Ng5 g6 11. Qf3 O-O-O 12. h3 Rdf8 13. O-O-O h6 14. Nxe6
fxe6 15. Qe2 a6 16. g4 g5 17. Kb1 Bf4 18. Rhe1 Bxe3 19. fxe3 Rf6 20. Rf1 Rhf8
21. Rxf6 Rxf6 22. Rf1 Ng8 23. Na4 Qf7 24. Rxf6 Nxf6 25. Bxa6 bxa6 26. Qxa6+ Kd7
27. Nc5+ Kd6 28. Nb7+ Kd7 29. Nc5+ Kd6 30. Qc8 Ne8 31. b4 e5 32. b5 Nxd4 33.
exd4 exd4 34. Nd3 Qd7 35. Qa6+ Ke7 36. Qxh6 Qxb5+ 37. Kc1 Qa5 38. Qxg5+ Kd7 39.
Qf5+ Kd8 40. Kd1 Nd6 41. Qf6+ Kc8 42. Qxd4 Ne4 43. Qb4 Qa6 44. Qf8+ Kb7 45. Nc5+
Nxc5 46. Qxc5 Qe6 47. Qd4 c6 48. a4 Qf7 49. Qd3 Kb6 50. Qe3+ c5 51. g5 Qf1+ 52.
Kd2 d4 53. Qe6+ Ka5 54. Qb3 Qg2+ 55. Kc1 Qxg5+ 56. Kb1 Ka6 57. Qb5+ Ka7 58. a5
d3 59. Qxd3 Qg1+ 60. Ka2 Qe1 61. Qb5 Qc3 62. Qb6+ Ka8 63. Qc6+ Ka7 64. Qa4 Qxh3
65. Qb3 Qg2 66. Qb6+ Ka8 67. Qxc5 Qe4 68. Kb3 Qe6+ 69. c4 Qe1 70. Qd5+ Ka7 71.
Ka4 Qb1 72. Qc5+ Ka8 73. Qc6+ Ka7 74. Qc5+ Ka8 75. Qf8+ Ka7 76. Qf2+ Ka8 77. Qc5
Qb2 78. Qb5 Qa2+ 79. Kb4 Qb2+ 80. Kc5 Qe5+ 81. Kb6 Qb8+ 82. Kc5 Qe5+ 83. Kb4
Qb2+ 84. Kc5 Qe5+ 85. Kc6 Qe6+ 86. Kc7 Qe7+ 87. Qd7 Qe5+ 88. Kb6 Qe3+ 89. c5
Qb3+ 90. Qb5 Qe6+ 91. Qc6+ 1-0

[Event "Mondiale Lampo FIDE 2019"]
[Site "Mosca"]
[Date "30.12.2019"]
[Round "14.59"]
[White "Rychagov, Andrey"]
[Black "Donchenko, Alexander"]
[Result "1-0"]
[WhiteTitle "GM"]
[BlackTitle "GM"]
[WhiteElo "2545"]
[BlackElo "2644"]
[WhiteFideId "4119932"]
[BlackFideId "24603295"]
[EventDate "2019.12.29"]

1. d4 Nf6 2. c4 e6 3. Nf3 c5 4. d5 d6 5. Nc3 exd5 6. cxd5 g6 7. Bf4 Bg7 8. e3
O-O 9. h3 Na6 10. Bc4 Nc7 11. O-O Rb8 12. a4 a6 13. a5 b5 14. axb6 Rxb6 15. Ra2
Re8 16. Qd2 Bf5 17. Rd1 Ne4 18. Nxe4 Bxe4 19. Qe2 Bxf3 20. Qxf3 Rxb2 21. Rxb2
Bxb2 22. Qe2 Be5 23. Bxe5 Rxe5 24. Qb2 Nb5 25. Ra1 Qb6 26. Rb1 h5 27. Kh2 h4 28.
Qe2 Qd8 29. Bxb5 axb5 30. Rxb5 Rxd5 31. Qb2 Kh7 32. Rb7 Rf5 33. f4 Qf6 34. Qd2
Qe6 35. Rb6 Rd5 36. Qc3 Rf5 37. Qd2 Rf6 38. Qf2 Kg7 39. Rb8 g5 40. Qf3 Qf5 41.
Qa8 gxf4 42. Rg8+ Kh6 43. Rg4 Kh5 44. Qf3 Kh6 45. Qa8 Kh5 46. exf4 d5 47. Rg5+
Qxg5 48. fxg5 Rf5 49. Qc8 Kxg5 50. Qxc5 Kg6 51. Qd6+ Kg7 52. Qe7 Rh5 53. Qd7 Rg5
54. Qe7 Rh5 55. Kg1 Kg8 56. Kf2 Kg7 57. Kf3 Kg6 58. Qd6+ Kg7 59. Kg4 Rh6 60.
Qxd5 Rg6+ 61. Kxh4 Kg8 62. g4 1-0

[Event "Mondiale Lampo FIDE 2019"]
[Site "Mosca"]
[Date "30.12.2019"]
[Round "14.60"]
[White "Can, Emre"]
[Black "Kezin, Roman"]
[Result "1-0"]
[WhiteTitle "GM"]
[BlackTitle "IM"]
[WhiteElo "2600"]
[BlackElo "2470"]
[WhiteFideId "6302181"]
[BlackFideId "24124621"]
[EventDate "2019.12.29"]

1. e4 c5 2. Nc3 Nc6 3. Bb5 Nd4 4. Bc4 e6 5. Nge2 Nf6 6. O-O Qc7 7. d3 a6 8. a4
Nc6 9. f4 d6 10. f5 Be7 11. Nf4 exf5 12. Nfd5 Qd8 13. Nxe7 Nxe7 14. Bg5 Be6 15.
Bxf6 gxf6 16. exf5 Bxc4 17. dxc4 Qd7 18. Qh5 O-O-O 19. Qxf7 Rdf8 20. Qe6 Qxe6
21. fxe6 Nc6 22. Nd5 f5 23. Rf2 Re8 24. Re1 Ne5 25. e7 Kd7 26. Nf6+ Kxe7 27.
Nxe8 Rxe8 28. Rxf5 Ke6 29. Rh5 Re7 30. b3 Kd7 31. Rd1 Kc7 32. Rh6 Ng4 33. Rh3
Re2 34. Rxh7+ Kc6 35. Rg7 Ne3 36. Rc1 Nxc2 37. h4 Nd4 38. Rf1 Re4 39. h5 Rh4 40.
g4 Nxb3 41. Kg2 Nd2 42. Kg3 Rxg4+ 43. Kxg4 1-0

[Event "Mondiale Lampo FIDE 2019"]
[Site "Mosca"]
[Date "30.12.2019"]
[Round "14.61"]
[White "Iljiushenok, Ilia"]
[Black "Dominguez Perez, Leinier"]
[Result "0-1"]
[WhiteTitle "GM"]
[BlackTitle "GM"]
[WhiteElo "2521"]
[BlackElo "2758"]
[WhiteFideId "24105074"]
[BlackFideId "3503240"]
[EventDate "2019.12.29"]

1. e4 c5 2. Nf3 d6 3. d4 cxd4 4. Nxd4 Nf6 5. Nc3 a6 6. Bg5 Nbd7 7. Bc4 Qb6 8.
Bb3 e6 9. O-O Be7 10. Kh1 Nc5 11. f4 Qc7 12. Qe2 h6 13. Bxf6 Bxf6 14. Rad1 O-O
15. f5 Nxb3 16. axb3 Bd7 17. Qd3 Rad8 18. Qh3 Qc5 19. Nde2 b5 20. Rd2 b4 21. Nd1
exf5 22. exf5 Rfe8 23. Ng3 Bb5 24. Rg1 Bd4 25. Qg4 Bxg1 26. Nh5 Bd4 27. h3 Re1+
28. Kh2 Be5+ 0-1

[Event "Mondiale Lampo FIDE 2019"]
[Site "Mosca"]
[Date "30.12.2019"]
[Round "14.63"]
[White "Afanasiev, Nikita"]
[Black "Turov, Maxim"]
[Result "0-1"]
[WhiteTitle "IM"]
[BlackTitle "GM"]
[WhiteElo "2517"]
[BlackElo "2574"]
[WhiteFideId "24183555"]
[BlackFideId "4120086"]
[EventDate "2019.12.29"]

1. Nf3 Nf6 2. c4 e6 3. e3 d5 4. b3 Be7 5. Bb2 O-O 6. Qc2 a5 7. Nc3 Na6 8. Rc1 c6
9. Be2 Nc5 10. O-O a4 11. b4 a3 12. Ba1 Na6 13. b5 Nb4 14. Qb3 c5 15. d4 b6 16.
Rfd1 Bb7 17. Ne5 cxd4 18. Rxd4 Qb8 19. Nf3 Rc8 20. h3 dxc4 21. Rxc4 Rxc4 22.
Bxc4 Bxf3 23. gxf3 Qe5 24. Ne2 Qf5 25. Kg2 Nfd5 26. Qb1 Qxb1 27. Rxb1 Rc8 28.
Bb3 Kf8 29. f4 Bf6 30. Bd4 Bxd4 31. Nxd4 Rc5 32. Kf3 Nc3 33. Rc1 Ke7 34. Ra1
Nxb5 35. Ne2 Nc3 36. Nd4 Nc6 37. Nc2 Nb5 38. Ba4 Na5 39. Bxb5 Rxc2 40. Bd3 Rb2
41. Be4 b5 42. Bd3 b4 43. h4 g6 44. Kg3 h5 45. Kf3 Kd6 46. Kg3 Kd5 47. Bf1 Nc4
48. Rd1+ Nd2 49. Bb5 Kc5 50. Bd3 Rxa2 51. Rc1+ Kd5 52. f5 gxf5 53. Kf4 Rb2 54.
f3 a2 0-1

[Event "Mondiale Lampo FIDE 2019"]
[Site "Mosca"]
[Date "30.12.2019"]
[Round "14.64"]
[White "Atabayev, Saparmyrat"]
[Black "Salgado Lopez, Ivan"]
[Result "0-1"]
[WhiteTitle "IM"]
[BlackTitle "GM"]
[WhiteElo "2425"]
[BlackElo "2605"]
[WhiteFideId "14000571"]
[BlackFideId "2257327"]
[EventDate "2019.12.29"]

1. d4 e6 2. c4 b6 3. Nc3 Bb7 4. e4 Bb4 5. Qc2 Bxc3+ 6. bxc3 Qh4 7. e5 Ne7 8. Ba3
Ng6 9. O-O-O c5 10. Kb2 O-O 11. g3 Qe7 12. f3 f6 13. exf6 Rxf6 14. Bd3 Nc6 15.
Be4 Na5 16. Bxb7 Nxb7 17. f4 Na5 18. Qe2 d5 19. cxd5 exd5 20. Qxe7 Nxe7 21. dxc5
Nc4+ 22. Kb3 bxc5 23. Bxc5 Rb8+ 24. Kc2 Nf5 25. Rb1 Rc8 26. Bf2 Na3+ 27. Kb2
Rb8+ 28. Kxa3 Rxb1 0-1

[Event "Mondiale Lampo FIDE 2019"]
[Site "Mosca"]
[Date "30.12.2019"]
[Round "14.65"]
[White "Baron, Tal"]
[Black "Petrosian, Tigran L."]
[Result "1-0"]
[WhiteTitle "GM"]
[BlackTitle "GM"]
[WhiteElo "2541"]
[BlackElo "2601"]
[WhiteFideId "2809958"]
[BlackFideId "13301616"]
[EventDate "2019.12.29"]

1. Nf3 g6 2. d4 Bg7 3. e4 d6 4. Nbd2 Nf6 5. Bb5+ c6 6. Bd3 O-O 7. O-O Nbd7 8.
Re1 e5 9. c3 Re8 10. h3 h6 11. a4 Qc7 12. a5 Nf8 13. Qc2 Ne6 14. dxe5 dxe5 15.
Nc4 Nf4 16. Bxf4 exf4 17. e5 Nd5 18. Nd6 Re7 19. Nxc8 Rxc8 20. e6 f5 21. Nh4 Kh7
22. Nxg6 Kxg6 23. Bxf5+ Kf6 24. Bh7 Ne3 25. Rxe3 1-0

[Event "Mondiale Lampo FIDE 2019"]
[Site "Mosca"]
[Date "30.12.2019"]
[Round "14.66"]
[White "Popov, Ivan RUS"]
[Black "Santos Ruiz, Miguel"]
[Result "0-1"]
[WhiteTitle "GM"]
[BlackTitle "GM"]
[WhiteElo "2636"]
[BlackElo "2585"]
[WhiteFideId "4170350"]
[BlackFideId "22291482"]
[EventDate "2019.12.29"]

1. e4 e5 2. Nf3 Nc6 3. Bb5 Nf6 4. O-O Nxe4 5. Qe2 Ng5 6. Nxe5 Nd4 7. Qc4 Nxb5 8.
Qxb5 Be7 9. d4 O-O 10. f4 Ne4 11. Qd3 d5 12. f5 c5 13. Nc3 cxd4 14. Nxe4 dxe4
15. Qxe4 Re8 16. Ng4 d3 17. Qf4 Bc5+ 18. Kh1 h5 19. Nf2 dxc2 20. Ne4 Bf8 21. Ng5
Qd3 22. Bd2 Bd6 23. Qa4 Bxf5 24. Bc3 Re2 25. Qb3 Rf8 26. Qxb7 Qe3 27. Nf3 Be4
28. Qd7 Bxf3 0-1

[Event "Mondiale Lampo FIDE 2019"]
[Site "Mosca"]
[Date "30.12.2019"]
[Round "14.67"]
[White "Utegaliyev, Azamat"]
[Black "Suleymanli, Aydin"]
[Result "1-0"]
[BlackTitle "IM"]
[WhiteElo "2502"]
[BlackElo "2473"]
[WhiteFideId "13702467"]
[BlackFideId "13413937"]
[EventDate "2019.12.29"]

1. Nf3 Nf6 2. g3 d5 3. Bg2 Bf5 4. O-O e6 5. b3 Be7 6. Bb2 h6 7. c4 O-O 8. cxd5
exd5 9. d3 c5 10. d4 Nc6 11. dxc5 Bxc5 12. Nc3 a6 13. Rc1 Ba7 14. Na4 Ne4 15.
Nd4 Bd7 16. Nxc6 Bxc6 17. Bd4 Bxd4 18. Qxd4 Qe7 19. Rfd1 Rfe8 20. e3 Rad8 21.
Nc5 Rc8 22. a4 a5 23. Nd3 Qa3 24. Rb1 b5 25. Nf4 bxa4 26. bxa4 Qxa4 27. Qxa4
Bxa4 28. Rd4 Nc3 29. Ra1 Rc4 30. Rd2 Bb3 31. Rxa5 Ne4 32. Bxe4 Rc1+ 33. Kg2 dxe4
34. h4 Bc4 35. Ra7 Bf1+ 36. Kh2 Bc4 37. Rc7 g6 38. Rd4 Rc2 39. Rdxc4 Rxf2+ 40.
Ng2 Rb8 41. Rc8+ Rxc8 42. Rxc8+ Kg7 43. Rc4 f5 44. Rc6 g5 45. h5 Rf3 46. Rg6+
Kh7 47. Re6 Kg7 48. Rc6 Kh7 49. Ra6 Kg7 50. Re6 Kh7 51. g4 fxg4 52. Re7+ Kg8 53.
Rxe4 Rh3+ 54. Kg1 g3 55. Rg4 Kf7 56. e4 Kf6 57. Ne1 Rh4 58. Rxh4 gxh4 59. Kg2
Ke5 60. Kf3 h3 61. Kxg3 Kxe4 62. Kxh3 Kf4 63. Kh4 Ke3 64. Nc2+ Kf3 65. Nd4+ Kf4
66. Ne2+ Kf3 67. Nd4+ Kf4 68. Nc6 Kf5 69. Ne7+ Kf6 70. Nd5+ Ke5 71. Ne3 Kf6 72.
Ng4+ Kg7 73. Kg3 1-0

[Event "Mondiale Lampo FIDE 2019"]
[Site "Mosca"]
[Date "30.12.2019"]
[Round "14.68"]
[White "Bosiocic, Marin"]
[Black "Khanin, Semen"]
[Result "0-1"]
[WhiteTitle "GM"]
[BlackTitle "IM"]
[WhiteElo "2623"]
[BlackElo "2500"]
[WhiteFideId "14507927"]
[BlackFideId "4111990"]
[EventDate "2019.12.29"]

1. e4 e5 2. Nf3 Nc6 3. Bb5 a6 4. Ba4 Nf6 5. O-O Nxe4 6. d4 Be7 7. Re1 b5 8. Bb3
d5 9. dxe5 Be6 10. Nbd2 Nc5 11. c3 O-O 12. Bc2 d4 13. Nb3 dxc3 14. bxc3 Qxd1 15.
Rxd1 Rad8 16. Be3 Na4 17. Nfd4 Nxe5 18. Bf4 Bf6 19. Re1 Ng6 20. Bxc7 Rc8 21. Ba5
Nxc3 22. Nxe6 fxe6 23. Bxg6 hxg6 24. Rxe6 Rfe8 25. Rxe8+ Rxe8 26. Kf1 b4 27. Rc1
Nxa2 28. Rc2 Nc3 29. Bxb4 Nd5 30. Bd2 Rb8 31. Na5 Rb1+ 32. Ke2 g5 33. h3 Nf4+
34. Kf3 Rb5 35. Nc4 Ne6 36. Be3 a5 37. Ra2 Bc3 38. Ke4 Nc5+ 39. Kd5 Nd3+ 40. Kc6
Rf5 41. Ra3 Nb4+ 42. Kd7 Nd5 43. Nd6 Rf6 44. Ra2 Bb4 45. Nc4 Nc3 46. Ra1 a4 47.
f3 Rf5 48. Ke6 Rb5 49. Bd2 Nd5 50. Rxa4 Bxd2 51. Nxd2 Nf4+ 52. Ke7 Re5+ 53. Kd6
Rd5+ 54. Ke7 Rxd2 55. h4 Ng6+ 56. Ke6 Nxh4 57. Rg4 Rxg2 58. Ra4 Kh7 59. Ke5
Nxf3+ 60. Ke6 Nh4 0-1

[Event "Mondiale Lampo FIDE 2019"]
[Site "Mosca"]
[Date "30.12.2019"]
[Round "14.69"]
[White "Pogosyan, Stefan"]
[Black "Laznicka, Viktor"]
[Result "0-1"]
[WhiteTitle "IM"]
[BlackTitle "GM"]
[WhiteElo "2459"]
[BlackElo "2648"]
[WhiteFideId "34159867"]
[BlackFideId "316385"]
[EventDate "2019.12.29"]

1. b3 d5 2. Bb2 c5 3. e3 a6 4. d3 Nc6 5. g3 e5 6. Bg2 Nf6 7. Nd2 Be7 8. Ne2 O-O
9. O-O Be6 10. f4 Ng4 11. Rf3 d4 12. Nf1 f5 13. e4 fxe4 14. dxe4 c4 15. h3 c3
16. Bc1 Nf6 17. fxe5 Nxe5 18. Nxd4 Nxf3+ 19. Bxf3 Bxh3 20. e5 Bc5 21. Be3 Ng4
22. Nf5 Rxf5 23. Bxc5 Qxd1 0-1

[Event "Mondiale Lampo FIDE 2019"]
[Site "Mosca"]
[Date "30.12.2019"]
[Round "14.70"]
[White "Sutovsky, Emil"]
[Black "Galkin, Alexander"]
[Result "1-0"]
[WhiteTitle "GM"]
[BlackTitle "GM"]
[WhiteElo "2643"]
[BlackElo "2611"]
[WhiteFideId "2802007"]
[BlackFideId "4120426"]
[EventDate "2019.12.29"]

1. e4 c6 2. d4 d5 3. e5 Bf5 4. h4 h5 5. c4 e6 6. Nc3 Be7 7. Bd3 Bxd3 8. Qxd3 Nh6
9. Bxh6 Rxh6 10. Nf3 dxc4 11. Qxc4 Nd7 12. a4 Nb6 13. Qb3 a5 14. Rd1 Rg6 15. Ng5
Qc7 16. f4 Rd8 17. f5 Bxg5 18. fxg6 Be3 19. Rf1 Bxd4 20. gxf7+ Kf8 21. Qxe6 c5
22. Nb5 Qc6 23. Nd6 1-0

[Event "Mondiale Lampo FIDE 2019"]
[Site "Mosca"]
[Date "30.12.2019"]
[Round "14.71"]
[White "Pashikian, Arman"]
[Black "Narayanan, Srinath"]
[Result "1-0"]
[WhiteTitle "GM"]
[BlackTitle "GM"]
[WhiteElo "2605"]
[BlackElo "2529"]
[WhiteFideId "13301578"]
[BlackFideId "5018420"]
[EventDate "2019.12.29"]

1. d4 Nf6 2. c4 e6 3. Nf3 d5 4. g3 dxc4 5. Bg2 c5 6. O-O Nc6 7. dxc5 Qxd1 8.
Rxd1 Bxc5 9. Nfd2 Na5 10. Na3 Bxa3 11. bxa3 Bd7 12. Bb2 Bc6 13. Bxc6+ Nxc6 14.
Nxc4 Ke7 15. a4 a5 16. Ba3+ Nb4 17. Nxa5 Nd5 18. Rxd5 exd5 19. Bxb4+ Kf6 20. Rd1
Rhe8 21. e3 Re4 22. a3 b6 23. Nc6 Rc4 24. Ne7 Rd8 25. Rxd5 Ra8 26. Rb5 Rxb4 27.
Nd5+ 1-0

[Event "Mondiale Lampo FIDE 2019"]
[Site "Mosca"]
[Date "30.12.2019"]
[Round "14.72"]
[White "Potkin, Vladimir"]
[Black "Guseinov, Gadir"]
[Result "0-1"]
[WhiteTitle "GM"]
[BlackTitle "GM"]
[WhiteElo "2583"]
[BlackElo "2666"]
[WhiteFideId "4131061"]
[BlackFideId "13401378"]
[EventDate "2019.12.29"]

1. d4 Nf6 2. Nf3 g6 3. g3 Bg7 4. Bg2 O-O 5. O-O d6 6. a4 Nbd7 7. a5 a6 8. Nc3
Re8 9. Re1 e5 10. e4 exd4 11. Nxd4 Nc5 12. Bf4 Nfd7 13. Qd2 Ne5 14. b3 c6 15.
Bh6 Bh8 16. h3 Qf6 17. Be3 Ne6 18. f4 Nxd4 19. fxe5 Qxe5 20. Kh2 Bxh3 21. Ra4
Ne6 22. Bxh3 Qxc3 23. Qxc3 Bxc3 24. Rd1 Be5 25. Kg2 Re7 26. Bg4 h5 27. Be2 Rae8
28. Bc4 Nc5 29. Rb4 Bc3 30. Bxc5 dxc5 31. Ra4 Rxe4 32. Rd7 R4e7 0-1

[Event "Mondiale Lampo FIDE 2019"]
[Site "Mosca"]
[Date "30.12.2019"]
[Round "14.73"]
[White "Belov, Vladimir"]
[Black "Xu, Xiangyu"]
[Result "1-0"]
[WhiteTitle "GM"]
[BlackTitle "GM"]
[WhiteElo "2598"]
[BlackElo "2582"]
[WhiteFideId "4132394"]
[BlackFideId "8608288"]
[EventDate "2019.12.29"]

1. d4 Nf6 2. c4 g6 3. Nc3 d5 4. cxd5 Nxd5 5. e4 Nxc3 6. bxc3 c5 7. Nf3 Bg7 8. h3
Qa5 9. Bd2 O-O 10. Be2 Bd7 11. O-O Qa3 12. Bg5 cxd4 13. cxd4 h6 14. Bh4 g5 15.
Bg3 Nc6 16. d5 Nb4 17. Be5 Ba4 18. Qd2 Rac8 19. Bxg7 Kxg7 20. Nd4 Qc3 21. Qxc3
Rxc3 22. Rab1 a5 23. Nf5+ Kf6 24. Nxh6 Bc2 25. Rbc1 Rfc8 26. f4 gxf4 27. Rxf4+
Kg5 28. Rxf7 Kxh6 29. Rxe7 Bd3 30. Rxc3 Rxc3 31. Bg4 Rc4 32. Bf5 Nxd5 33. Rd7
Rxe4 34. Bxe4 Bxe4 35. Rxb7 Nc3 36. Ra7 a4 37. a3 Kg5 38. Kf2 Nd1+ 39. Kg3 Bc2
40. Ra5+ Kf6 41. Kf4 Nb2 42. Ra6+ Ke7 43. Rc6 Bb3 44. h4 Nc4 45. h5 Nxa3 46. h6
Kf7 47. g4 Bc2 48. g5 Bb1 49. Ra6 Bc2 50. Ra7+ Kg8 51. Ke5 Nc4+ 52. Kf6 Ne3 53.
g6 Ng4+ 54. Kg5 Bxg6 55. Kxg6 Ne5+ 56. Kf6 Ng4+ 57. Kg5 Ne5 58. Rxa4 Nf7+ 59.
Kh5 Ne5 60. Ra5 Nf7 61. Ra8+ Kh7 62. Ra7 Kg8 63. Rb7 Ne5 64. Ra7 Nf7 65. Kg6
Ne5+ 66. Kf6 Ng4+ 67. Kg5 Ne5 68. Kf5 Nf7 69. Kf6 Nxh6 70. Kg6 1-0

[Event "Mondiale Lampo FIDE 2019"]
[Site "Mosca"]
[Date "30.12.2019"]
[Round "14.74"]
[White "Guliyev, Namig"]
[Black "Triapishko, Alexandr"]
[Result "1/2-1/2"]
[WhiteTitle "GM"]
[BlackTitle "IM"]
[WhiteElo "2548"]
[BlackElo "2502"]
[WhiteFideId "13400363"]
[BlackFideId "14122286"]
[EventDate "2019.12.29"]

1. e4 e5 2. Nf3 Nc6 3. Bb5 a6 4. Ba4 d6 5. O-O Bd7 6. c3 Nf6 7. Re1 g6 8. d4 Bg7
9. d5 Ne7 10. c4 b5 11. Bb3 O-O 12. c5 dxc5 13. Nxe5 c4 14. Bc2 Ne8 15. Nxd7
Qxd7 16. Nd2 c6 17. dxc6 Nxc6 18. Nf3 Qxd1 19. Bxd1 Nc7 20. a4 Ne6 21. Rb1 Nb4
22. axb5 axb5 23. Be2 Nc5 24. e5 Ncd3 25. Rd1 Nxe5 26. Be3 Ned3 27. b3 Rfd8 28.
bxc4 bxc4 29. Ne1 Nxe1 30. Rxd8+ Rxd8 31. Rxb4 c3 32. Rc4 Nc2 33. Bg5 Re8 34.
Kf1 Nd4 35. Bd3 Nb3 36. Re4 Rc8 37. Rc4 Ra8 38. Be4 Re8 39. f3 Nd2+ 40. Bxd2
cxd2 41. Ke2 Rd8 42. Kd1 Bh6 43. Bc2 Re8 44. Re4 Ra8 45. Ke2 Ra1 46. Bd1 Ra2 47.
f4 Kg7 48. g3 Rb2 49. Re7 Kf8 50. Rd7 Bg7 51. Rxd2 Rxd2+ 52. Kxd2 1/2-1/2

[Event "Mondiale Lampo FIDE 2019"]
[Site "Mosca"]
[Date "30.12.2019"]
[Round "14.75"]
[White "Huzman, Alexander"]
[Black "Makoveev, Ilya"]
[Result "1-0"]
[WhiteTitle "GM"]
[BlackTitle "FM"]
[WhiteElo "2567"]
[BlackElo "2277"]
[WhiteFideId "2803828"]
[BlackFideId "34155748"]
[EventDate "2019.12.29"]

1. d4 Nf6 2. Nf3 g6 3. g3 Bg7 4. Bg2 O-O 5. O-O d5 6. Nbd2 Nbd7 7. c4 e6 8. b3
b6 9. Bb2 Bb7 10. cxd5 exd5 11. b4 c5 12. bxc5 bxc5 13. dxc5 Nxc5 14. Rb1 Ba6
15. Nd4 Nfe4 16. Ba1 Qd7 17. Nxe4 Nxe4 18. Re1 Rac8 19. e3 Nc3 20. Bxc3 Rxc3 21.
Qd2 Rfc8 22. Red1 Bd3 23. Rb3 Rxb3 24. Nxb3 Rc3 25. Nd4 Ra3 26. Qb2 Bf8 27. Nb3
Bc4 28. e4 Ra6 29. exd5 Rd6 30. Qd4 Bb5 31. Nc5 Qc7 32. Ne4 Bg7 33. Qb4 Rxd5 34.
Nf6+ Bxf6 35. Bxd5 Be2 36. Re1 Bc3 37. Rc1 Bxb4 38. Rxc7 1-0

[Event "Mondiale Lampo FIDE 2019"]
[Site "Mosca"]
[Date "30.12.2019"]
[Round "14.76"]
[White "Tsoi, Dmitry"]
[Black "Ruck, Robert"]
[Result "1/2-1/2"]
[WhiteTitle "FM"]
[BlackTitle "GM"]
[WhiteElo "2321"]
[BlackElo "2530"]
[WhiteFideId "24194697"]
[BlackFideId "705713"]
[EventDate "2019.12.29"]

1. f4 g6 2. Nf3 Bg7 3. e4 c5 4. Bc4 Nc6 5. O-O e6 6. e5 d6 7. b3 Nge7 8. Bb2 O-O
9. Kh1 Nf5 10. Qc1 Nfd4 11. Nxd4 Nxd4 12. exd6 Qxd6 13. Nc3 b6 14. Nb5 Qd7 15.
Nxd4 cxd4 16. a4 Bb7 17. Bd3 Rac8 18. Qe1 Rfd8 19. Qe2 Rc7 20. a5 Rdc8 21. axb6
axb6 22. Ra4 Rc5 23. Ba3 R5c7 24. Kg1 Qd5 25. Rc4 Rxc4 26. bxc4 Qa5 27. Be7 Qa4
28. Rb1 Qc6 29. Ra1 h5 30. Bh4 Qc7 31. Bg3 Qc6 32. Rb1 Ba6 33. Qe4 Bxc4 34. Qxc6
Rxc6 35. Bxc4 Rxc4 36. Rb2 Bf8 37. Kf1 Bc5 38. Ke2 Ra4 39. Bf2 Ra3 40. d3 Kg7
41. Be1 Kf6 42. Bb4 Ra6 43. Bxc5 bxc5 44. Rb5 Rc6 45. Kf3 Kf5 46. g3 f6 47. h3
g5 48. g4+ hxg4+ 49. hxg4+ Kg6 50. Ra5 f5 51. Rb5 Kf6 52. Ra5 gxf4 53. Kxf4 e5+
54. Kf3 Kg5 55. gxf5 Kxf5 56. Rb5 c4 57. Rb8 cxd3 58. cxd3 Rc3 59. Rf8+ Ke6 60.
Ke4 Rc1 61. Re8+ Kd6 62. Rd8+ Ke7 63. Rh8 Re1+ 64. Kd5 Re3 65. Rh6 Kf7 66. Re6
Kg7 67. Rxe5 Rxd3 68. Re4 Rd1 69. Rxd4 Rxd4+ 70. Kxd4 1/2-1/2

[Event "Mondiale Lampo FIDE 2019"]
[Site "Mosca"]
[Date "30.12.2019"]
[Round "14.77"]
[White "Gasanov, Eldar"]
[Black "Geller, Jakov"]
[Result "0-1"]
[WhiteTitle "GM"]
[BlackTitle "GM"]
[WhiteElo "2481"]
[BlackElo "2521"]
[WhiteFideId "14104466"]
[BlackFideId "4151984"]
[EventDate "2019.12.29"]

1. Nf3 d5 2. g3 Nf6 3. Bg2 e6 4. O-O Be7 5. d3 O-O 6. Nfd2 c5 7. e4 Nc6 8. Nc3
b6 9. h3 Bb7 10. f4 dxe4 11. dxe4 e5 12. f5 Qd4+ 13. Kh2 Ba6 14. Nf3 Qd8 15. Re1
Bd6 16. Bg5 h6 17. Bxf6 Qxf6 18. Nd5 Qd8 19. f6 g6 20. Qd2 Kh7 21. c3 Re8 22.
Rad1 Bf8 23. h4 Bc8 24. Bh3 Bxh3 25. Kxh3 Qc8+ 26. g4 Nd8 27. Kg3 Ne6 28. Qe3
Qc6 29. Rd2 Rad8 30. Red1 Qc8 31. b3 b5 32. Qe2 b4 33. Qc4 bxc3 34. Qxc3 Nd4 35.
Qc4 Bd6 36. Ne7 Qe6 37. Qxe6 fxe6 38. h5 Nxf3 39. hxg6+ Kh8 40. Rh1 Bxe7 41.
Rxh6+ Kg8 42. f7+ Kg7 43. fxe8=Q Rxe8 44. Rh7+ Kxg6 45. Rxe7 Rxe7 46. Kxf3 Rf7+
47. Ke3 Rf4 48. Rd6 Kf6 49. g5+ Ke7 50. Rc6 Rg4 0-1

[Event "Mondiale Lampo FIDE 2019"]
[Site "Mosca"]
[Date "30.12.2019"]
[Round "14.78"]
[White "Kim, Alexey"]
[Black "Vokhidov, Shamsiddin"]
[Result "0-1"]
[WhiteTitle "GM"]
[BlackTitle "IM"]
[WhiteElo "2464"]
[BlackElo "2526"]
[WhiteFideId "4129776"]
[BlackFideId "14204223"]
[EventDate "2019.12.29"]

1. e4 e5 2. Nf3 Nc6 3. Bc4 Bc5 4. c3 Nf6 5. d3 a6 6. Bb3 d6 7. Nbd2 Ba7 8. h3
O-O 9. Nf1 d5 10. Qe2 Be6 11. Bg5 dxe4 12. dxe4 Bxb3 13. axb3 h6 14. Bh4 Qe7 15.
Ne3 Qe6 16. Bxf6 Qxf6 17. Nd5 Qd6 18. O-O Rac8 19. Rfd1 Qe6 20. b4 Nb8 21. b5 c6
22. b6 cxd5 23. bxa7 Nd7 24. Rxd5 Nf6 25. Rxe5 Qb6 26. Nd4 Qxa7 27. Nf5 Rcd8 28.
Re7 Qb6 29. b4 Rfe8 30. Qf3 Qc6 31. Qg3 Nh5 32. Qf3 Nf6 33. Re1 Kf8 34. Rxe8+
Rxe8 35. Nd4 Qc4 36. h4 Nd7 37. Qg3 Ne5 38. Nf5 g6 39. Nd6 Qe6 40. Nxe8 Qxe8 41.
Rd1 Nc6 42. Qd6+ Kg7 43. f3 h5 44. Qd7 Qe5 45. Qd3 Qf4 46. Qd2 Qxh4 47. Qf2 Qf6
48. Rd3 Ne5 49. Rd1 g5 50. Rd5 Ng6 51. Qd4 Nf4 52. Rxg5+ Ng6 53. Qxf6+ Kxf6 54.
Rxh5 0-1